000 00572nam a22001937a 4500
003 OSt
005 20260120085208.0
008 260120b |||||||| |||| 00| 0 eng d
020 _a 08487-25948
040 _aDWC-Main lib
_cOC
082 _aCirc. 641.822 J82c 2000
100 _aJordan, Michele Anna
245 _a Complete pasta cook book/
_cMichele Anna Jordan
260 _aLondon :
_b Time-life,
_cc2000.
300 _a304 pages :
_bcolor illustration ;
_c29cm.
504 _aIncludes index
650 _a1. Cooking ( Pasta)
942 _2ddc
_cBK-CIRC
_kCirc.
_n0
999 _c7602
_d7602